Bashō no me,

Saved in:
Bibliographic Details
Main Author: Imai, Fumio, 1916-
Format: Book
Language:Japanese
Published: [Tōkyō, Yūbun Shoin, Shōwa 47 i.e. 1972]
Subjects:
Tags: Add Tag
No Tags, Be the first to tag this record!
LEADER 00783nam a2200241u 4500
001 007732904-X
005 20024617115958.0
008 890712s1972 ja 000 0 jpn d
010 |z 72813958 
035 0 |a ocm23318271 
040 |a MiU  |c MiU  |d MoSW  |d *YNH*  |d CStRLIN 
050 0 |a PL794.4.Z5  |b I56 
100 1 |6 880-01  |a Imai, Fumio,  |d 1916- 
245 1 0 |6 880-02  |a Bashō no me,  |c Imai Fumio cho. 
260 |6 880-03  |a [Tōkyō,  |b Yūbun Shoin,  |c Shōwa 47 i.e. 1972] 
300 |a 223 p.  |c 22 cm. 
600 1 0 |6 880-04  |a Matsuo, Bashō,  |d 1644-1694. 
880 1 |6 100-01  |a 今井文男,  |d 1916- 
880 1 0 |6 245-02  |a 芭蕉の眼,  |c 今井文男著. 
880 |6 260-03  |a [東京,  |b 右文書院,  |c 昭和47 i.e. 1972] 
880 1 0 |6 600-04  |a 松尾芭蕉,  |d 1644-1694. 
988 |a 20021214 
906 |0 OCLC